000 00532 a2200157 4500
003 OSt
005 20231103144235.0
008 231103b |||||||| |||| 00| 0 eng d
040 _coclc
082 _a303.623095475
_bSRE/G
100 1 _aŚrī̲kumār, Ār. Bi.,
_d1947-
_99827
245 _aGUJARATH THIRASHEELAKU PINNIL = Gujarat : behind the curtain /
_cR B Sreekumar
260 _aKozhikode:
_bProgress books,
_c2018.
300 _a217p
942 _2ddc
_cBK
_h303.623095475
_iSRE/G
_k303.623095475
_mSRE/G
999 _c42792
_d42792